00531nam a2200181Ii 450000100060000000300090000600800410001504000330005604100080008908200160009710000280011324500490014126400660019030000120025633600260026833700280029433800270032210426CO-ViMGA241108s9999||||xx |||||||||||||| ||und|| aCO-ViMGAbspaerdacCO-ViMGA0 aunk04a860.09-L3331 aMariano José de Larra10aArticulos de crítica literaria y artistica 1a[Lugar de publicación no identificado] : Espasa Calpe, 1950 avolumen atextbtxt2rdacontent aunmediatedbn2rdamedia avolumebnc2rdacarrier